000 00826nam a2200253Ia 4500
003 OSt
005 20220918171051.0
006 a|||||r|||| 00| 0
007 ta
008 220917b |||||||| |||| 00| 0 eng d
020 _a9781138588462 (pbk)
_cUKP 32.99
024 _a348,362
037 _bBBS/08, 15/01/2019, Better Book Services
_cTextual
040 _aARTS
_cARTS
_beng
041 _2eng
_aeng
082 _aS:3:86, Q8
100 _aLeffert Mark Au.
_933798
245 0 _aPsychoanalysis and the birth of the self
_b radical interdisciplinary approach
260 _aLondon
_bRoutledge UK
_c2018
300 _aviii,173p.
_ccm.
650 _aCONSCIOUSNESS; PSYCHOLOGY
_930423
942 _hS:3:86, Q8
_cTEXL
_2CC
999 _c137684
_d137684